| 000 | 00486nam a22001337a 4500 | ||
|---|---|---|---|
| 082 |
_a954.9143 _bSAL |
||
| 245 |
_aLahore Main Urdu Theatre Ki Riwayat Aur Irtiqa / _bBy: Dr.Muhammad Salman Bhatti |
||
| 260 |
_aکراچی: _bبُک ٹائم پبلیکیشنز, _c2016 |
||
| 300 | _a320p.; | ||
| 563 | _aHB | ||
| 880 |
_6100-01\r _aڈاکٹر محمد سلمان بھٹی |
||
| 880 |
_6245-02\r _aلاہور میں اردو تھیٹر کی روایت اور ارتقا |
||
| 942 |
_2ddc _cBK |
||
| 999 |
_c613166 _d613166 |
||